Conference discussion relating to the paper Australia's international trade [by] Lawrence B. Krause /

Saved in:
Bibliographic Details
Corporate Authors: Australian National University. Centre for Economic Policy Research, Brookings Survey Conference
Other Authors: Krause, Lawrence B.
Format: Conference Proceeding Book
Language:English
Published: Canberra : Centre for Economic Policy Research, Australian National University, 1985.
Series:Discussion papers (Australian National University. Centre for Economic Policy Research) ; no. B7.
Subjects:
LEADER 01918nam a2200373 a 4500
001 c000052954
003 CARM
005 00000000000000.0
008 850628s1985 xnaa b 10000 eng d
019 1 |a 3730444  |z 64905200  |5 LACONCORD2021 
020 |a 0949293229 
035 |a (OCoLC)152408519  |5 LACONCORD2021 
040 |a NUN  |c NUN  |d VMOU 
042 |a anuc 
043 |a u-at--- 
082 1 |a 382.5/0994  |2 19 
245 0 0 |a Conference discussion relating to the paper Australia's international trade [by] Lawrence B. Krause /  |c the Brookings survey of the Australian economy proceedings ... 9-11 January 1984, Canberra. 
260 |a Canberra :  |b Centre for Economic Policy Research, Australian National University,  |c 1985. 
300 |a 50 p. :  |b ill. ;  |c 21 cm. 
490 1 |a Discussion paper / Australian National University, Centre for Economic Policy Research ;  |v no. B7 
500 |a Cover title: Papers arising from the Brookings Survey of the Australian Economy. 
504 |a Includes bibliographical references. 
600 1 0 |a Krause, Lawrence B.  |t Australia's international trade. 
650 0 |a Import substitution  |z Australia  |x Congresses. 
610 1 0 |a Australia  |x Commerce  |x Congresses. 
651 0 |a Australia  |x Commercial policy  |x Congresses. 
700 1 1 |a Krause, Lawrence B.  |t Australia's international trade. 
710 2 0 |a Australian National University.  |b Centre for Economic Policy Research. 
711 2 0 |a Brookings Survey Conference  |d (1984 :  |c Canberra, A.C.T.) 
740 0 1 |a Papers arising from the Brookings Survey of the Australian Economy. 
830 0 |a Discussion papers (Australian National University. Centre for Economic Policy Research) ;  |v no. B7. 
852 8 |b CARM  |h A2:AE23E0  |i C00227  |p 0010795  |f BK 
999 f f |i cc56cac7-a19c-5f5b-b4a1-4984048aa440  |s 92ab2b2b-1efc-54c0-87d4-afb2dc6464e4 
952 f f |p Can circulate  |a CAVAL  |b CAVAL  |c CAVAL  |d CARM 1 Store  |e C00227  |f A2:AE23E0  |h Other scheme  |i book  |m 0010795